000 00734nam a22002177a 4500
003 UA-OsUOA
001 74788
007 ta
008 20110418b un ||||| |||| 00| 0 ukr d
100 _aРуденко Д.
090 _a908
_bР83
942 _cSA
040 _aUA-OsUOA
_bukr
_cUA-OsUOA
_dUA-OsUOA
245 _aЯкою бути владі в Україні/ Науково-прак тичний семінар "Реформування територіальної влади в Україні: проблеми і перспектви" в Острозькій академії
300 _aС.1
955 _a0
041 _aukr
080 _a908
773 0 _w74786
650 7 _a908 Краєзнавство
_2UDC
999 _c361081
_d361081